00974nam a2200181 i 4500001000700000003000900007005001700016008004100033040002000074245022300094250002300317260007100340300003000411530003500441610002400476852020300500856008900703163367ES-MaACL20250820095206.0931025s1768 sp |||| | spa d aCAM bspa cPAB00aRetrato de los jesuitas formado al natural por los mas sábios, y mas ilustres cathólicos : bjuicio hecho de los Jesuitas ... desde el año de 1540 ... hasta el de 1650 / ctraducido de portugues en castellano ... aSegunda impresion. aEn Madrid : bEn la Oficina de la viuda de Eliseo Sanchez, c1768. a[2], 282, [8] p. ; c4º. aDisponible en formato digital.24aJesuitas-xHistoria aES-MaACLjR-3361 dOlim: G-2644zCotejado con la relación de obras recuperadas expediente RobozCambio de signatura. Datos tomados del fichero topográfico RxEncuadernación en pergaminopVol.1 uhttp://bdh-rd.bne.es/viewer.vm?id=0000087451&page=1 zBiblioteca Digital Hispánica